[Event "Reykjavik op"]
[Site "Reykjavik"]
[Date "2023.04.01"]
[Round "6"]
[White "Sarkar, Justin"]
[Black "Knudsen, Martin"]
[Result "1-0"]
[WhiteElo "2338"]
[BlackElo "1969"]
[PlyCount "99"]
[EventDate "2023.03.29"]
[EventType "swiss"]
[EventRounds "9"]
[EventCountry "ISL"]
[SourceTitle "CBM 213 Extra"]
[Source "ChessBase"]
[SourceDate "2023.05.31"]
[SourceVersion "1"]
[SourceVersionDate "2023.05.31"]
[SourceQuality "1"]

1. e4 d6 2. d4 Nf6 3. Nc3 e5 4. Nf3 Nbd7 5. Bc4 Be7 6. 0-0 h6 7. a4 c6 8. Re1 Qc7 9. Nh4 Nb6 10. Ba2 a5 11. h3 0-0 12. Ng6 Re8 13. f4 exd4 14. Nxe7+ Rxe7 15. Qxd4 Be6 16. Bxe6 fxe6 17. Be3 c5 18. Qd3 Qc6 19. Bf2 Ne8 20. g4 Rd7 21. f5 exf5 22. exf5 Nc7 23. Bg3 Re8 24. Rxe8+ Nxe8 25. Re1 Nc7 26. b3 c4 27. Qd4 cxb3 28. cxb3 Qc5 29. Rd1 Ne8 30. Bf2 Qxd4 31. Bxd4 Nc8 32. Kf2 Kf7 33. Kf3 Nc7 34. h4 Re7 35. g5 hxg5 36. hxg5 Ke8 37. g6 Kd7 38. Rh1 Kc6 39. Rc1 Kd7 40. Rg1 b6 41. Rg4 d5 42. f6 Re1 43. f7 Rf1+ 44. Ke2 Rf5 45. Rg5 Rf4 46. Be5 Ne6 47. Bxf4 Nxf4+ 48. Ke3 Ne6 49. Rxd5+ Ke7 50. Re5 1-0

[Event "DEN-ch Kort1 A"]
[Site "Skorping"]
[Date "2017.04.09"]
[Round "3"]
[White "Knudsen, Martin"]
[Black "Damborg, Benny Falck"]
[Result "1-0"]
[WhiteElo "2016"]
[BlackElo "1949"]
[PlyCount "61"]
[EventDate "2017.04.08"]
[EventType "swiss"]
[EventRounds "5"]
[EventCountry "DEN"]
[SourceTitle "EXT 2023"]
[Source "ChessBase"]
[SourceDate "2022.10.05"]
[SourceVersion "1"]
[SourceVersionDate "2022.10.05"]
[SourceQuality "1"]

1. d4 d5 2. c4 c6 3. Nc3 Nf6 4. Nf3 e6 5. e3 Nbd7 6. Qc2 Bd6 7. Bd3 0-0 8. 0-0 Re8 9. e4 dxe4 10. Nxe4 Nxe4 11. Bxe4 h6 12. Rd1 Nf6 13. Bd3 Qc7 14. Bd2 Nd7 15. Bc3 c5 16. h3 b6 17. Bh7+ Kf8 18. Qd3 Rd8 19. d5 Ne5 20. Qe4 Nxf3+ 21. Qxf3 Bb7 22. Be4 exd5 23. Rxd5 Bh2+ 24. Kf1 Rxd5 25. cxd5 Ba6+ 26. Bd3 Bxd3+ 27. Qxd3 g6 28. g3 Qd7 29. Kg2 Bxg3 30. fxg3 Rd8 31. Rd1 1-0

[Event "Dortmund Sparkassen op-A 44th"]
[Site "Dortmund"]
[Date "2016.07.17"]
[Round "9"]
[White "Maniocha, Marek"]
[Black "Knudsen, Martin"]
[Result "1/2-1/2"]
[WhiteElo "1982"]
[BlackElo "2018"]
[PlyCount "105"]
[EventDate "2016.07.09"]
[EventType "swiss"]
[EventRounds "9"]
[EventCountry "GER"]
[SourceTitle "CBM 173 Extra"]
[Source "ChessBase"]
[SourceDate "2016.08.29"]
[SourceVersion "1"]
[SourceVersionDate "2016.08.29"]
[SourceQuality "1"]

1. e4 d6 2. d4 Nf6 3. Nc3 g6 4. Be2 Bg7 5. Be3 c6 6. Qd2 b5 7. a3 Bb7 8. Nf3 Nbd7 9. 0-0 Qc7 10. h3 0-0 11. Bh6 a6 12. Bxg7 Kxg7 13. Qe3 c5 14. e5 dxe5 15. dxe5 Nd5 16. Nxd5 Bxd5 17. Rfe1 f6 18. Rad1 Nb6 19. Bd3 Nc4 20. Bxc4 Bxc4 21. Rd2 Rfd8 22. Red1 Rxd2 23. Qxd2 Be6 24. Qc3 Rc8 25. Rd2 a5 26. Qe3 b4 27. axb4 axb4 28. Ne1 c4 29. c3 bxc3 30. bxc3 Qc5 31. Rd4 Rb8 32. Nf3 Rb5 33. Qd2 Bd5 34. Ne1 Bb7 35. f4 e6 36. Kh2 Bd5 37. Qe3 Rb2 38. Nf3 Qc6 39. Kg3 Rc2 40. h4 Qa8 41. Rd2 Qa2 42. Qf2 Rxd2 43. Qxd2 Qb1 44. Qe3 Qc2 45. Qd2 Qb1 46. Nd4 h6 47. Kh2 Qd3 48. Qe1 h5 49. Qg3 Qe4 50. Nb5 Qd3 51. Nd6 Kg8 52. Qh3 Qc2 53. Nb5 1/2-1/2

[Event "Budapest FS07 FM-A"]
[Site "Budapest"]
[Date "2014.07.13"]
[Round "8"]
[White "Knudsen, Martin"]
[Black "Kertesz, Zsolt"]
[Result "0-1"]
[WhiteElo "2021"]
[BlackElo "2112"]
[PlyCount "110"]
[EventDate "2014.07.05"]
[EventType "tourn"]
[EventRounds "9"]
[EventCountry "HUN"]
[SourceTitle "CBM 161 Extra"]
[Source "ChessBase"]
[SourceDate "2014.08.29"]
[SourceVersion "1"]
[SourceVersionDate "2014.08.29"]
[SourceQuality "1"]

1. d4 g6 2. c4 Bg7 3. e4 d6 4. Nc3 Nc6 5. Nge2 e5 6. d5 Nce7 7. Ng3 f5 8. exf5 Nxf5 9. Bd3 Nf6 10. Qc2 Nd4 11. Qd1 0-0 12. 0-0 Ng4 13. Nce4 Bh6 14. h3 Bxc1 15. Qxc1 Nf6 16. Qe3 Nxe4 17. Bxe4 Qh4 18. Rae1 Rf4 19. Qd3 Bd7 20. Nh1 Rf7 21. Qg3 Qh6 22. Qe3 Qh4 23. Qg3 Qf6 24. f3 Raf8 25. Nf2 a5 26. Ng4 Bxg4 27. Qxg4 Qe7 28. Qg3 Rf4 29. Bd3 Kg7 30. Rf2 Qf6 31. b3 Qd8 32. Re3 c6 33. dxc6 bxc6 34. Rf1 Qb6 35. Qf2 Qc5 36. Bb1 R8f7 37. Kh1 a4 38. Rfe1 axb3 39. axb3 Nxb3 40. Qa2 Nd4 41. Bd3 Ra7 42. Qb2 Rff7 43. Re4 Ra3 44. Bf1 Rfa7 45. f4 Nf5 46. fxe5 Ng3+ 47. Kh2 Nxe4 48. Rxe4 dxe5 49. Qb8 Re7 50. Qd8 Ra1 51. Be2 Qg1+ 52. Kg3 Ra3+ 53. Bf3 Rf7 54. Kh4 Qf2+ 55. Kg4 h5+ 0-1

[Event "Andorra op 28th"]
[Site "La Massana"]
[Date "2010.07.17"]
[Round "1"]
[White "Knudsen, Martin"]
[Black "Arizmendi Martinez, Julen Luis"]
[Result "0-1"]
[WhiteElo "1944"]
[BlackElo "2532"]
[PlyCount "72"]
[EventDate "2010.07.17"]
[EventType "swiss"]
[EventRounds "9"]
[EventCountry "AND"]
[SourceTitle "CBM 137 Extra"]
[Source "ChessBase"]
[SourceDate "2010.09.01"]
[SourceVersion "1"]
[SourceVersionDate "2010.09.01"]
[SourceQuality "1"]

1. f4 g6 2. e4 Bg7 3. Nf3 d6 4. Nc3 c5 5. Be2 Nc6 6. 0-0 e6 7. d3 Nge7 8. Be3 Nd4 9. Rb1 Nec6 10. a3 b5 11. Na2 a5 12. c3 Nxe2+ 13. Qxe2 0-0 14. d4 b4 15. Rfd1 Ba6 16. Qf2 b3 17. Nc1 c4 18. d5 exd5 19. exd5 Ne7 20. Bb6 Qd7 21. Bxa5 Nxd5 22. Rxd5 Bb7 23. Rd2 Qf5 24. Ra1 Rxa5 25. Ne2 Rd5 26. Nfd4 Qd7 27. Rad1 Re8 28. Nxb3 Rxd2 29. Nxd2 Qb5 30. Nd4 Qxb2 31. Nxc4 Qxc3 32. Nxd6 Rd8 33. N4b5 Qc6 34. a4 Bf8 35. Qb2 Ba8 36. Na7 Qc5+ 0-1